000 00321nam a22001337a 4500
008 170301b xxu||||| |||| 00| 0 eng d
020 _a9781891483004
041 _aeng
080 _a616.8 006
100 _a6
101 _aSHM
245 _aTAXMOXIFEN FOR THE TREATMENT PREVENTION CANCER
_cJORDAN.V.C
942 _2udc
_cBK
999 _c6465
_d6465